000 00536nam a2200181Ia 4500
003 GCL
008 140319s9999 xx 000 0 ara d
040 _aGCL /
_cGCL
082 0 4 _a813.03
_bع ح
100 1 _aعلى البارودى
245 1 0 _aحدث فى رحلة الخريف (رحلة رواية) /
_cعلى البارودى
260 _a[S.N] :
_bمنشاة المعارف الاسلامية
300 _a286
490 _a
650 0 4 _aالادب العربى
650 0 4 _aالقصة العربية
942 _2ddc
_cBK
999 _c53001
_d53001